| 000 | 01233nam0a22003131 4500 | ||
|---|---|---|---|
| 001 | rc\2143278 | ||
| 005 | 20250623021847.0 | ||
| 035 | _a(NLR Aleph) 006527030 | ||
| 090 |
_a6492544 _c6492544 |
||
| 100 | _a20110826d1979 |||y0rusy50 ca | ||
| 101 | 0 | _arus | |
| 102 | _aRU | ||
| 105 | _aa z ||||| | ||
| 200 | 1 | _aОперативная информация в АСУ магистральных газопроводов | |
| 210 |
_aМосква _cНедра _d1979 |
||
| 215 |
_a216 с. _cил. _d22 |
||
| 320 | _aБиблиогр.: с. 210-214 (117 назв.) | ||
| 606 |
_aАвтоматизированные системы планирования и управления _xИнформационное обеспечение _2psbo |
||
| 606 |
_aГазопроводы магистральные _xУправление _xАвтоматизация _2psbo |
||
| 686 |
_aУ9(2)377.6я73-1 _2rubbk |
||
| 700 | 1 |
_4070 _7ca _8rus _aКучин _bБ. Л. _f1941- _gБорис Леонидович _9270424 _3RU\NLR\AUTH\770270480 |
|
| 801 | 0 |
_aRU _bNLR _gpsbo |
|
| 801 | 1 |
_aRU _bELAR _2rusmarc |
|
| 852 |
_aNLR _j79-5/5861 |
||
| 899 |
_aRuMoRGB _jB 79-46/111 |
||
| 899 |
_aRuMoRGB _jB 79-46/112 |
||
| 942 | _cBOOK | ||
| 980 | _aNB | ||